Analysis and design of discrete linear control systems / (Record no. 183929)

000 -LEADER
fixed length control field 00856 a2200229 4500
003 - CONTROL NUMBER IDENTIFIER
control field Nust
005 - DATE AND TIME OF LATEST TRANSACTION
control field 20230808145531.0
010 ## - LIBRARY OF CONGRESS CONTROL NUMBER
LC control number 88036999
020 ## - INTERNATIONAL STANDARD BOOK NUMBER
International Standard Book Number 013033085X (London)
020 ## - INTERNATIONAL STANDARD BOOK NUMBER
International Standard Book Number 8020002529 (Prague)
040 ## - CATALOGING SOURCE
Transcribing agency Nust
082 00 - DEWEY DECIMAL CLASSIFICATION NUMBER
Classification number 629.8,KUC
100 1# - MAIN ENTRY--PERSONAL NAME
Personal name Ku飥ra, Vladim⩲,
9 (RLIN) 114043
245 10 - TITLE STATEMENT
Title Analysis and design of discrete linear control systems /
Statement of responsibility, etc. Vladim⩲ Ku飥ra.
260 ## - PUBLICATION, DISTRIBUTION, ETC.
Place of publication, distribution, etc. Prague :
Name of publisher, distributor, etc. Academia,
Date of publication, distribution, etc. c1991.
300 ## - PHYSICAL DESCRIPTION
Extent viii, 472 p. :
Other physical details ill. ;
Dimensions 25 cm.
505 ## - FORMATTED CONTENTS NOTE
Formatted contents note preliminary mathematics (Page-1), Linear systems (Page-43), State feedback (Page-113), State estimation (Page-177), Output feedback (Page-223), Feedback and feed forward (Page-319), Subject index (Page-467).
650 #0 - SUBJECT ADDED ENTRY--TOPICAL TERM
Topical term or geographic name entry element Control theory.
650 #0 - SUBJECT ADDED ENTRY--TOPICAL TERM
Topical term or geographic name entry element Discrete-time systems.
9 (RLIN) 98002
650 #0 - SUBJECT ADDED ENTRY--TOPICAL TERM
Topical term or geographic name entry element Linear control systems.
942 ## - ADDED ENTRY ELEMENTS (KOHA)
Source of classification or shelving scheme
Koha item type Book
Call number prefix 629.8,KUC
Holdings
Withdrawn status Lost status Source of classification or shelving scheme Damaged status Not for loan Permanent Location Current Location Shelving location Date acquired Full call number Barcode Date last seen Price effective from Koha item type Public note
          Military College of Signals (MCS) Military College of Signals (MCS) General Stacks 12/12/2016 629.8,KUC MCS5612 12/08/2016 12/12/2016 Book Almirah No.84, Shelf No.5
© 2023 Central Library, National University of Sciences and Technology. All Rights Reserved.